Študijný program Obchodnej fakulty 1999/2000 Ekonomická univerzita v Bratislave
Enregistré dans:
| Autres auteurs: | , |
|---|---|
| Format: | Livre |
| Langue: | slovaque |
| Publié: |
Bratislava
Vydavateľstvo Ekonóm
1999
|
| Sujets: | |
| Tags: |
Pas de tags, Soyez le premier à ajouter un tag!
|
MARC
| LEADER | 00000nam a2200000 4500 | ||
|---|---|---|---|
| 001 | c113870 | ||
| 005 | 20240502071316.9 | ||
| 020 | |a 80-225-1156-0 | ||
| 041 | 0 | |a slo | |
| 044 | |a SK | ||
| 245 | 1 | 0 | |a Študijný program Obchodnej fakulty 1999/2000 |b Ekonomická univerzita v Bratislave |c [zostavili: Ferdinand Daňo, Elena Kordošová] |
| 264 | 1 | |a Bratislava |b Vydavateľstvo Ekonóm |c 1999 | |
| 300 | |a 92 s. | ||
| 610 | 2 | 0 | |a programy študijné |
| 610 | 2 | 0 | |a univerzity |
| 610 | 2 | 0 | |a vzdelávanie vysokoškolské |
| 700 | 1 | |a Daňo, Ferdinand, 1959- | |
| 700 | 1 | |a Kordošová, Elena | |